书目信息 |
| 题名: |
如何看懂大师绘画
|
|
| 作者: | 霍奇 著 ;由康鹏 译 | |
| 分册: | ||
| 出版信息: | 武汉 华中科技大学出版社 2024.01 |
|
| 页数: | 279页 | |
| 开本: | 26cm | |
| 丛书名: | ||
| 单 册: | ||
| 中图分类: | J205.1 | |
| 科图分类: | ||
| 主题词: | 绘画研究--世界 | |
| 电子资源: | ||
| ISBN: | 978-7-5772-0052-1 | |
| 000 | 01429nam0 2200265 450 | |
| 001 | 012742837 | |
| 005 | 20251022193751.47 | |
| 010 | @a978-7-5772-0052-1@b精装@dCNY298.00 | |
| 100 | @a20240112d2024 em y0chiy0120 ea | |
| 101 | 1 | @achi@ceng |
| 102 | @aCN@b420000 | |
| 105 | @aa z 000yy | |
| 106 | @ar | |
| 200 | 1 | @a如何看懂大师绘画@9ru he kan dong da shi hui hua@e解析百位巨匠的创意、技法与代表作@f(英)苏茜·霍奇(Susie Hodge)著@g由康鹏译 |
| 210 | @a武汉@c华中科技大学出版社@d2024.01 | |
| 215 | @a279页@c图@d26cm | |
| 305 | @a由The Quarto Group授权 | |
| 330 | @a本书研究了100幅世界上最伟大的艺术家的绘画作品中最引人入胜的部分:他们的创作方法,他们擅长什么,以及我们可以从他们身上学到什么。通过详细的分析和启发性的创作技巧部分,你可以学习如何传达运动像德加,应用丙烯像托姆布雷,并命令颜色像马蒂斯。这本书探讨了视觉在每个艺术作品中的作用,描述了图像是如何被创造出来的,并包括了一些实用的技巧和建议,让你可以把这种魔力编织到你自己的作品中。这些画被组织成几个章节,涵盖了重要的类型和流派:裸体、超现实、风景、静物、头像、幻想和抽象。精选的杰作是绘画中某一特定品质的完美范例;明暗、节奏、形式、空间、轮廓、构图等。 | |
| 510 | 1 | @aPainting masterclass@ecreative techniques of 100 great artists@zeng |
| 606 | 0 | @a绘画研究@y世界 |
| 690 | @aJ205.1@v5 | |
| 701 | 0 | @c(英)@a霍奇@9huo qi@c(Susie Hodge)@4著 |
| 702 | 0 | @a由康鹏@9you kang peng@4译 |
| 801 | 0 | @aCN@c20250908 |
| 905 | @a河南城建学院图书馆@dJ205.1@eH971@ZH971@f1 | |
| 如何看懂大师绘画:解析百位巨匠的创意、技法与代表作/(英)苏茜·霍奇(Susie Hodge)著/由康鹏译.-武汉:华中科技大学出版社,2024.01 |
| 279页:图;26cm |
| ISBN 978-7-5772-0052-1(精装):CNY298.00 |
| 本书研究了100幅世界上最伟大的艺术家的绘画作品中最引人入胜的部分:他们的创作方法,他们擅长什么,以及我们可以从他们身上学到什么。通过详细的分析和启发性的创作技巧部分,你可以学习如何传达运动像德加,应用丙烯像托姆布雷,并命令颜色像马蒂斯。这本书探讨了视觉在每个艺术作品中的作用,描述了图像是如何被创造出来的,并包括了一些实用的技巧和建议,让你可以把这种魔力编织到你自己的作品中。这些画被组织成几个章节,涵盖了重要的类型和流派:裸体、超现实、风景、静物、头像、幻想和抽象。精选的杰作是绘画中某一特定品质的完美范例;明暗、节奏、形式、空间、轮廓、构图等。 |
| ● |
| 相关链接 |
|
|
|
正题名:如何看懂大师绘画
索取号:J205.1/H971
 
预约/预借
| 序号 | 登录号 | 条形码 | 馆藏地/架位号 | 状态 | 备注 |
| 1 | 1631739 | 216317395 | 社科库309/309社科库 67排1列4层/ [索取号:J205.1/H971] | 在馆 |